00480 2200181 4500001002100000005001500021008004100036020001800077035001900095041000700114082001000121090001600131100003700147245002800184260003500212300003000247650002100277INLIS00000000001999320241224115815241224||||||||| | ||| |||| || |  a979-002-378-2 0010-1224019993 aid0 a634.6 a634.6 SRI b0 aSriani Sujiprihati, Ketty Suketi00abudi daya Pepaya Unggul aJakartabPenebar Swadayac2014 aiv + 92 hlm, ilus,; 23 cm 0aTanaman dan Buah